La Administración pública y el estado contemporáneo
Descripción Física:
241 p. ; 22 cm
Materias:
Administració pública
MARC
| LEADER | 00000nam a2200000Ia 4500 | ||
|---|---|---|---|
| 001 | 229 | ||
| 008 | 160829s1961 xx 000 0 cat d | ||
| 080 | |a M-4-235 | ||
| 245 | |a La Administración pública y el estado contemporáneo | ||
| 260 | |a Madrid : |b Instituto de Estudios Políticos, |c 1961 | ||
| 300 | |a 241 p. ; |c 22 cm | ||
| 490 | |a Estudios de administración / Instituto de Estudios Políticos ; 23 | ||
| 650 | 0 | |a Administració pública |9 23819 | |
| 710 | 2 | |a Instituto de Estudios Políticos (Madrid) |9 54518 | |
| 901 | |a Arxiu | ||
| 942 | |n 1 | ||
| 952 | |0 0 |1 0 |4 0 |6 M4235 |7 1 |9 44756 |a Arxiu |b Arxiu |d 2016-12-01 |l 0 |o M-4-235 |p 229 |r 2016-12-01 00:00:00 |w 2016-12-01 |y ARXIU | ||
| 999 | |c 47338 |d 47338 | ||